| 000 | 00715nam a2200229Ia 4500 | ||
|---|---|---|---|
| 003 | OSt | ||
| 005 | 20220923213428.0 | ||
| 006 | a|||||r|||| 00| 0 | ||
| 007 | ta | ||
| 008 | 220922b |||||||| |||| 00| 0 hin d | ||
| 024 | _a161,990 | ||
| 037 | _cTextual | ||
| 040 |
_aARTS _cARTS _bhin |
||
| 041 |
_2hin _ahin |
||
| 082 | _aO152:2N03x1, K6 | ||
| 100 | _aमिश्र, लक्ष्मीनारायण | ||
| 245 | 0 | _aनारी का रंग (पांच एकांकी) | |
| 246 | _aNārī kā ranga (pāancha ekāankī) | ||
| 260 | _c1966 | ||
| 942 |
_hO152:2N03x1, K6 _cTEXL _2CC |
||
| 999 |
_c316493 _d316493 |
||